<?xml version="1.0" encoding="UTF-8"?>
<collection xmlns:xsi="http://www.w3.org/2001/XMLSchema-instance" xsi:schemaLocation="http://www.loc.gov/MARC21/slim http://www.loc.gov/standards/marcxml/schema/MARC21slim.xsd" xmlns="http://www.loc.gov/MARC21/slim">
 <record>
  <leader>00000cmm a22000004i 4500</leader>
  <controlfield tag="001">UP-1685594773862447300</controlfield>
  <controlfield tag="003">Buklod</controlfield>
  <controlfield tag="005">20220301103849.0</controlfield>
  <controlfield tag="006">m     o  u        </controlfield>
  <controlfield tag="007">ta</controlfield>
  <controlfield tag="008">220301t20162016miu     o  u        eng d</controlfield>
  <datafield tag="020" ind1=" " ind2=" ">
   <subfield code="a">9781558629417(eBook)</subfield>
  </datafield>
  <datafield tag="035" ind1=" " ind2=" ">
   <subfield code="a">(iLib)UPBAG-00044054810</subfield>
  </datafield>
  <datafield tag="040" ind1=" " ind2=" ">
   <subfield code="a">DLC</subfield>
   <subfield code="d">DML</subfield>
   <subfield code="d">BAG</subfield>
   <subfield code="e">rda</subfield>
  </datafield>
  <datafield tag="041" ind1="0" ind2=" ">
   <subfield code="a">eng</subfield>
  </datafield>
  <datafield tag="090" ind1=" " ind2="0">
   <subfield code="a">GRC-ebook</subfield>
  </datafield>
  <datafield tag="245" ind1="0" ind2="0">
   <subfield code="a">International directory of company histories</subfield>
   <subfield code="h">[electronic resource] .</subfield>
   <subfield code="n">Volume 178</subfield>
   <subfield code="c">editors, Steven Long, Derek Jacques, and Paula Kepos.</subfield>
  </datafield>
  <datafield tag="264" ind1=" " ind2="1">
   <subfield code="a">Farmington Hills, Michigan</subfield>
   <subfield code="b">St. James Press, a part of Gale, Cengage Learning</subfield>
   <subfield code="c">[2016]</subfield>
  </datafield>
  <datafield tag="300" ind1=" " ind2=" ">
   <subfield code="a">1 online resource (xiii, 833 pages)</subfield>
  </datafield>
  <datafield tag="336" ind1=" " ind2=" ">
   <subfield code="a">text</subfield>
   <subfield code="b">txt</subfield>
   <subfield code="2">rdacontent</subfield>
  </datafield>
  <datafield tag="337" ind1=" " ind2=" ">
   <subfield code="a">computer</subfield>
   <subfield code="2">rdamedia</subfield>
  </datafield>
  <datafield tag="338" ind1=" " ind2=" ">
   <subfield code="a">online resource</subfield>
   <subfield code="b">cr</subfield>
   <subfield code="2">rdacarrier</subfield>
  </datafield>
  <datafield tag="490" ind1="0" ind2=" ">
   <subfield code="a">Gale virtual reference library</subfield>
  </datafield>
  <datafield tag="504" ind1=" " ind2=" ">
   <subfield code="a">Includes bibliographical references and indexes.</subfield>
  </datafield>
  <datafield tag="505" ind1="0" ind2=" ">
   <subfield code="a">Acadia Healthcare Company, Inc. -- Aer Lingus Limited -- AerCap Holdings N.V. -- Alchemy Systems, LP -- ALM Media Properties, LLC -- Amgen Inc. -- Apache Corporation -- Aspen Technology, Inc. -- Autodesk, Inc. -- Barnes &amp; Noble, Inc. -- Bell Lumber &amp; Pole Company -- Bob Evans Farms, LLC -- BofI Holding, Inc. -- Boyne USA, Inc. -- Business Talent Group LLC -- Caesarstone Sdot-Yam Ltd. -- CalAtlantic Group, Inc. -- Canal Plus Group -- Cargill, Incorporated -- Cerveceria Nacional Dominicana, S.A. -- Chicago Bridge &amp; Iron Company N.V. -- Chicago National League Ball Club, LLC -- Chicago Park District -- China Central Television -- Chuck &amp; Don's Pet Food Outlet -- City Winery, LLC -- Converse Inc. -- Cook Inlet Region, Inc. -- De La Rue Holdings plc -- Domtar Corporation -- Eddie Bauer LLC -- Envestnet, Inc. -- Equinix, Inc. -- Eros International PLC -- Evans Enterprises, Inc. -- Federated National Holding Company -- FMR LLC -- Hallmark Cards, Inc. -- Hellenic Exchanges--Athens Stock Exchange SA Holding -- Herman Miller, Inc. -- Hill-Rom Holdings, Inc. -- Hubbell Inc. -- Idaho Statesman Publishing, LLC -- Indian Premier League -- James Jones &amp; Sons Ltd. -- John Menzies plc -- Kellwood Company -- Kelly-Springfield Tire Company -- Korean Broadcasting System -- League of Women Voters of the United States -- Lee Enterprises, Inc. -- Legend Holdings Corporation, Ltd. -- London Symphony Orchestra Ltd. -- Loral Space &amp; Communications Inc. -- M/I Homes, Inc. -- MacDonald &amp; Owen Veneer and Lumber Co., Inc. -- Mandarin Oriental Hotel Group Limited -- Memphis Invest LLC -- Methode Electronics, Inc. -- Million Air Interlink, Inc. -- Musical Arts Association -- Mytilineos Holdings S.A. -- Natural Health Trends Corp. -- NeuLion, Inc. -- Nine West Holdings, Inc. -- North Wind Group -- One Kings Lane Inc. -- Oxford Industries, Inc. -- Palladium Equity Partners, LLC -- Paris Saint-Germain Football Club -- Park Sterling Corporation -- Pfizer Inc. -- PGT, Inc. -- Pizza Ranch, Inc. -- Port of New Orleans -- Potlatch Corporation -- Private Jet Services Group, Inc. -- Proterra Inc. -- QVC Inc. -- Ramoji Group of Companies -- Rebecca Minkoff, LLC -- Ridley's Food Corporation -- The Ritz-Carlton Hotel Company, L.L.C. -- RoboVent Products Group Inc. -- Royal Mail plc -- Rue La La, Inc. -- Russell Brands, LLC -- Saudi Arabian Oil Company -- The Sherwin-Williams Company -- Star Alliance Service GmbH -- Summit Partners, L.P. -- The TAP Group -- Tektronix, Inc. -- Textron Inc. -- UK Power Networks Holdings Limited Company -- Unilever -- United Insurance Holdings Corporation -- United Rentals, Inc. -- U.S. Robotics Corporation -- WisdomTree Investments, Inc.</subfield>
  </datafield>
  <datafield tag="506" ind1=" " ind2=" ">
   <subfield code="a">IP based subscription, on campus and remote access available via OpenAthens.</subfield>
   <subfield code="c">Access via Electronic Resources of the UPB University Library websites.</subfield>
  </datafield>
  <datafield tag="520" ind1=" " ind2=" ">
   <subfield code="a">Provides histories of companies that are a leading influence in a particular industry or geographic location. For students, job candidates, business executives, historians and investors.</subfield>
  </datafield>
  <datafield tag="650" ind1=" " ind2="0">
   <subfield code="a">Big business</subfield>
   <subfield code="x">History</subfield>
   <subfield code="v">Directories.</subfield>
  </datafield>
  <datafield tag="650" ind1=" " ind2="0">
   <subfield code="a">Business enterprises</subfield>
   <subfield code="x">History</subfield>
   <subfield code="v">Directories.</subfield>
  </datafield>
  <datafield tag="650" ind1=" " ind2="0">
   <subfield code="a">Corporations</subfield>
   <subfield code="x">History</subfield>
   <subfield code="v">Directories.</subfield>
  </datafield>
  <datafield tag="650" ind1=" " ind2="0">
   <subfield code="a">Electronic books.</subfield>
  </datafield>
  <datafield tag="700" ind1="1" ind2=" ">
   <subfield code="a">Long, Steven</subfield>
   <subfield code="e">editor.</subfield>
  </datafield>
  <datafield tag="700" ind1="1" ind2=" ">
   <subfield code="a">Jacques, Derek</subfield>
   <subfield code="e">editor.</subfield>
  </datafield>
  <datafield tag="700" ind1="1" ind2=" ">
   <subfield code="a">Kepos, Paula</subfield>
   <subfield code="e">editor.</subfield>
  </datafield>
  <datafield tag="710" ind1="2" ind2=" ">
   <subfield code="a">Gale Group.</subfield>
  </datafield>
  <datafield tag="856" ind1="4" ind2="0">
   <subfield code="z">Available for University of the Philippines Baguio via Gale Virtual Reference Library. Click here to access</subfield>
   <subfield code="u">https://go.gale.com/ps/i.do?p=GVRL&amp;sw=w&amp;u=phdiliman&amp;v=2.1&amp;it=etoc&amp;id=GALE%7C8GJA&amp;sid=bookmark-GVRL</subfield>
  </datafield>
  <datafield tag="856" ind1="4" ind2="2">
   <subfield code="z">(viewed 07 October 2021)</subfield>
  </datafield>
  <datafield tag="905" ind1=" " ind2=" ">
   <subfield code="a">FO</subfield>
  </datafield>
  <datafield tag="950" ind1=" " ind2=" ">
   <subfield code="a">Monograph</subfield>
  </datafield>
  <datafield tag="852" ind1="0" ind2=" ">
   <subfield code="a">UPBAG</subfield>
   <subfield code="b">GRC</subfield>
   <subfield code="h">GRC-ebook</subfield>
  </datafield>
  <datafield tag="942" ind1=" " ind2=" ">
   <subfield code="a">Electronic Resource</subfield>
  </datafield>
 </record>
</collection>
